logo

Bir Sreshtho Munshi Abdur Rouf Library
Jhenaidah Cadet College

পৃথিবীর সেরা সায়েন্স ফিকশান গল্প / (Record no. 11804)

MARC details
000 -LEADER
fixed length control field 00748nam a2200229 a 4500
001 - CONTROL NUMBER
JCCL Control Number 11804
003 - CONTROL NUMBER IDENTIFIER
JCCL marc code BD-JhCC
005 - DATE AND TIME OF LATEST TRANSACTION
control field 20220228134022.0
008 - FIXED-LENGTH DATA ELEMENTS--GENERAL INFORMATION
fixed length control field 171108s2019 bg |||| |||| 000 0 ben d
020 ## - INTERNATIONAL STANDARD BOOK NUMBER
International Standard Book Number 9789846342161
035 ## - SYSTEM CONTROL NUMBER
system control number (BD-JhCC)11804
040 ## - CATALOGING SOURCE
Original cataloging agency BD-JhCC
Modifying agency BD-JhCC
041 ## - LANGUAGE CODE
Language code of Book ben
082 ## - DEWEY DECIMAL CLASSIFICATION NUMBER
Classification number 891.44
Author mark and Year CHO 2019
100 ## - MAIN ENTRY--PERSONAL NAME
Personal name চৌধুরী, খসরু
245 ## - TITLE STATEMENT
Title পৃথিবীর সেরা সায়েন্স ফিকশান গল্প /
Statement of responsibility, etc খসরু চৌধুরী ।
260 ## - PUBLICATION, DISTRIBUTION, ETC. (IMPRINT)
Place of publication, distribution, etc ঢাকা :
Name of publisher, distributor, etc পাঞ্জেরী পাবলিকেশন;
Date of publication, distribution, etc ২০১৯.
300 ## - PHYSICAL DESCRIPTION
Pagination 144 p. :
Dimensions 20 cm.
650 ## - SUBJECT ADDED ENTRY--TOPICAL TERM
Topical term or geographic name as entry element Collection of science fiction
942 ## - ADDED ENTRY ELEMENTS (KOHA)
Source of classification or shelving scheme Dewey Decimal Classification
Koha item type Books
Koha issues (borrowed), all copies 2
Holdings
Source of classification or shelving scheme Damaged status Not for loan Home library Current library Shelving location Date of accession Source of acquisition Cost, normal purchase price Total Checkouts Full call number Barcode Date last seen Date checked out Copy number Koha item type
Dewey Decimal Classification     JCC Rouf Library JCC Rouf Library General Stacks 11/03/2020 Lt. Gen. Mahfuzur Rahman(10th intake) 188.00 5 891.44 CHO 2019 16240 10/15/2025 07/14/2025 C-1 Books

JCC Library | Contacts | JCC Home

Last Update on 23 September 2017
Copyright @ 2017-2020 JCC Rouf Library
Rouf Library, Jhenidah Cadet College (JCC), Bangladesh